[Event "Berlin-ch"]
[Site "Berlin"]
[Date "2024.04.01"]
[Round "3"]
[White "Muse, Drazen"]
[Black "Foerster, Jonas"]
[Result "1-0"]
[WhiteElo "2316"]
[BlackElo "2238"]
[PlyCount "151"]
[EventDate "2024.03.30"]
[EventType "swiss"]
[EventRounds "9"]
[EventCountry "GER"]
[SourceTitle "CB15_2024"]
[SourceDate "2024.04.10"]
[SourceVersion "1"]
[SourceVersionDate "2024.04.10"]
[SourceQuality "1"]

1. Nf3 Nf6 2. g3 e6 3. Bg2 Be7 4. 0-0 0-0 5. d3 d5 6. Nc3 Na6 7. a3 c6 8. Re1 h6 9. Bd2 d4 10. Nb1 Qb6 11. Bc1 Rd8 12. Nbd2 c5 13. Nc4 Qb5 14. a4 Qe8 15. c3 dxc3 16. bxc3 Nd5 17. Bd2 Bf6 18. Qc2 e5 19. Reb1 Rb8 20. Bc1 Bg4 21. Nfd2 Qe6 22. Ne4 Be7 23. f3 Bf5 24. Nf2 Ndc7 25. e4 Bg6 26. Bh3 Qf6 27. Ng4 Qc6 28. Ngxe5 Qe8 29. Nxg6 fxg6 30. Be3 Kh7 31. f4 g5 32. f5 Bf6 33. Re1 b5 34. axb5 Rxb5 35. Bf2 Qh5 36. Bg2 g4 37. Ra2 Be7 38. Qe2 Rb3 39. Rc2 Nb5 40. Rec1 Bg5 41. Be3 Na3 42. Nxa3 Rxa3 43. e5 c4 44. d4 Bxe3+ 45. Qxe3 Nb4 46. Rd2 Nd3 47. Rxd3 cxd3 48. Qxd3 Kh8 49. d5 Qg5 50. Rc2 Ra1+ 51. Bf1 Re1 52. Re2 Qc1 53. Rxe1 Qxe1 54. Qd4 Rb8 55. f6 Rb1 56. fxg7+ Kg8 57. Qf4 Kxg7 58. Qxg4+ Kh8 59. Qc8+ Kg7 60. Qd7+ Kg8 61. Qe8+ Kg7 62. Qe7+ Kg8 63. Qe6+ Kg7 64. Qf6+ Kg8 65. Qg6+ Kf8 66. Qxh6+ Ke8 67. Qe6+ Kd8 68. Qf6+ Kc8 69. d6 a5 70. Qe6+ Kb8 71. Qe8+ Ka7 72. Qf7+ Rb7 73. Qf4 Qxc3 74. Qf2+ Kb8 75. e6 Rb2 76. e7 1-0

[Event "Bamberg op-A 5th"]
[Site "Bamberg"]
[Date "2023.07.29"]
[Round "6"]
[White "Foerster, Jonas"]
[Black "Ronka, Erik"]
[Result "1/2-1/2"]
[WhiteElo "2262"]
[BlackElo "2294"]
[PlyCount "80"]
[EventDate "2023.07.26"]
[EventType "swiss"]
[EventRounds "7"]
[EventCountry "GER"]
[SourceTitle "CBM 215 Extra"]
[Source "ChessBase"]
[SourceDate "2023.09.30"]
[SourceVersion "1"]
[SourceVersionDate "2023.09.30"]
[SourceQuality "1"]

1. d4 d5 2. Nf3 Nf6 3. g3 Bg4 4. Bg2 Nbd7 5. 0-0 e6 6. Nbd2 Be7 7. c4 c6 8. b3 0-0 9. Bb2 h6 10. Re1 Bf5 11. h3 Ne4 12. Nxe4 Bxe4 13. Nd2 Bxg2 14. Kxg2 f5 15. e3 Bb4 16. Rf1 Bxd2 17. Qxd2 Nf6 18. h4 Rf7 19. Qe2 g6 20. Rh1 Qd7 21. Qf3 Kh7 22. Qf4 Qe7 23. a3 a5 24. c5 Ne4 25. Bc1 Qf8 26. Qe5 Re8 27. f3 Nf6 28. Bd2 Nd7 29. Qd6 Qxd6 30. cxd6 Ra8 31. Rhc1 Rff8 32. Rab1 Rfc8 33. Rc2 b5 34. Rbc1 Ra6 35. Kf2 Nb8 36. Rc5 Rd8 37. e4 Kg7 38. Bf4 Rd7 39. Ke3 h5 40. exd5 exd5 1/2-1/2

[Event "Oberliga Nord O 1920"]
[Site "Germany"]
[Date "2019.10.20"]
[Round "2.3"]
[White "Foerster, Jonas"]
[Black "Van Bentum, Horst"]
[Result "1-0"]
[WhiteElo "2261"]
[BlackElo "2072"]
[PlyCount "83"]
[EventDate "2019.09.29"]
[EventType "team-tourn"]
[EventRounds "9"]
[EventCountry "GER"]
[SourceTitle "CBM 195 Extra"]
[Source "ChessBase"]
[SourceDate "2020.05.31"]
[SourceVersion "1"]
[SourceVersionDate "2020.05.31"]
[SourceQuality "1"]

1. Nf3 Nf6 2. d4 e6 3. c4 b6 4. a3 Bb7 5. Nc3 d5 6. cxd5 Nxd5 7. e3 Be7 8. Bb5+ c6 9. Bd3 Nd7 10. 0-0 N7f6 11. e4 Nxc3 12. bxc3 0-0 13. c4 Ne8 14. Bb2 g6 15. Qe2 Bf6 16. Rad1 Qc7 17. Rfe1 Rd8 18. a4 Ng7 19. Ba3 Rfe8 20. Qe3 Be7 21. Bb2 Bf8 22. Qc1 Nh5 23. Bf1 Qf4 24. Qc2 Bb4 25. Re3 Qc7 26. g3 Be7 27. Bg2 Bf6 28. Red3 Bg7 29. Qd2 Ba6 30. Rc1 Rd7 31. Bh3 Rdd8 32. Bg2 Rd7 33. e5 Bf8 34. g4 Ng7 35. Ng5 c5 36. d5 exd5 37. Rxd5 Rxd5 38. cxd5 Rxe5 39. Bxe5 Qxe5 40. Re1 Qc7 41. Ne4 Ne8 42. Nxc5 1-0

[Event "Berlin CupT"]
[Site "Berlin"]
[Date "2018.05.27"]
[Round "3.2"]
[White "Zoeller, Ralf"]
[Black "Foerster, Jonas"]
[Result "1-0"]
[WhiteElo "1978"]
[BlackElo "2284"]
[PlyCount "125"]
[EventDate "2018.05.27"]
[EventType "team-k.o."]
[EventRounds "5"]
[EventCountry "GER"]
[SourceTitle "EXT 2022"]
[Source "ChessBase"]
[SourceDate "2021.10.06"]
[SourceVersion "1"]
[SourceVersionDate "2021.10.06"]
[SourceQuality "1"]
[WhiteTeam "Caissa/Hermsdorf"]
[BlackTeam "Berlin Empor"]
[WhiteTeamCountry "GER"]
[BlackTeamCountry "GER"]

1. e4 e5 2. Nf3 Nc6 3. d4 exd4 4. c3 dxc3 5. Nxc3 Bb4 6. Bc4 Nge7 7. 0-0 Bxc3 8. bxc3 d6 9. Ng5 Ne5 10. Bb3 Bg4 11. f3 Bh5 12. g4 h6 13. Nh3 Qd7 14. Nf2 Bg6 15. f4 N5c6 16. Qe2 f6 17. f5 Bf7 18. Bxf7+ Kxf7 19. Nh3 Ne5 20. a4 Qc6 21. Nf4 Qc4 22. Qg2 Rhe8 23. Rb1 Kg8 24. Ne6 b6 25. Rb4 Qc6 26. Qh3 Nf7 27. Rd4 Qd7 28. Qh5 Nc6 29. Rd3 Rxe6 30. fxe6 Qxe6 31. Qd5 Qxd5 32. exd5 Ne7 33. h3 a5 34. Kg2 Ne5 35. Rd4 Rf8 36. Bd2 g5 37. h4 Kg7 38. hxg5 hxg5 39. Rh1 Kg6 40. Bc1 Ng8 41. Rh8 Kg7 42. Rh3 Nh6 43. Rg3 Kg6 44. Kf1 Rh8 45. Kg2 Rh7 46. Re4 Rf7 47. Rd4 Rg7 48. Kf1 Rh7 49. Kg2 Ng8 50. Rh3 Rxh3 51. Kxh3 f5 52. gxf5+ Kxf5 53. Kg3 Nf6 54. Kg2 Ne4 55. Bd2 g4 56. Bh6 Nf3 57. Rc4 Nh4+ 58. Kg1 g3 59. Rxc7 Kg4 60. Be3 Kh3 61. Rh7 Nxc3 62. Bxb6 Nxd5 63. Bd8 1-0

[Event "Oberliga Nord O 1617"]
[Site "Germany"]
[Date "2017.03.19"]
[Round "7.2"]
[White "Foerster, Jonas"]
[Black "Hansch, Karsten"]
[Result "1/2-1/2"]
[WhiteElo "2326"]
[BlackElo "2253"]
[PlyCount "94"]
[EventDate "2016.10.16"]
[EventType "team-tourn"]
[EventRounds "9"]
[EventCountry "GER"]
[SourceTitle "EXT 2018"]
[Source "ChessBase"]
[SourceDate "2017.10.13"]
[SourceVersion "1"]
[SourceVersionDate "2017.10.13"]
[SourceQuality "1"]
[WhiteTeam "Berlin Empor"]
[BlackTeam "Potsdam Empor"]
[WhiteTeamCountry "GER"]
[BlackTeamCountry "GER"]

1. d4 Nf6 2. c4 g6 3. Nf3 Bg7 4. Nc3 0-0 5. e4 d6 6. Be2 e5 7. 0-0 Nc6 8. d5 Ne7 9. Ne1 Nd7 10. Nd3 f5 11. f3 f4 12. b4 Nf6 13. Bd2 g5 14. Nf2 h5 15. h3 Rf7 16. c5 Bf8 17. Rc1 Ng6 18. Nb5 Rg7 19. Rc3 Nh4 20. Be1 a6 21. Na3 a5 22. bxa5 g4 23. fxg4 hxg4 24. hxg4 Rxa5 25. Rh3 Ra8 26. Nc4 Ng6 27. a4 Nh8 28. cxd6 Bxd6 29. Bf3 Nf7 30. Nd3 Qe8 31. Rh4 Rxa4 32. Nxd6 cxd6 33. Nf2 Bd7 34. Qb1 Bb5 35. Nd3 Rd4 36. Be2 Rxe4 37. Nxf4 Bxe2 38. Nxe2 Rxe2 39. Rxf6 Qa4 40. Rxf7 Rxe1+ 41. Qxe1 Rxf7 42. Qc1 Qf4 43. Qc8+ Rf8 44. Qe6+ Qf7 45. Rh6 Qxe6 46. Rxe6 Rf4 47. Rxd6 Rd4 1/2-1/2

[Event "Oberliga Nord O 1617"]
[Site "Germany"]
[Date "2017.02.19"]
[Round "6.1"]
[White "Foerster, Jonas"]
[Black "Popovics, Adam"]
[Result "1/2-1/2"]
[WhiteElo "2326"]
[BlackElo "2390"]
[PlyCount "105"]
[EventDate "2016.10.16"]
[EventType "team-tourn"]
[EventRounds "9"]
[EventCountry "GER"]
[SourceTitle "EXT 2018"]
[Source "ChessBase"]
[SourceDate "2017.10.13"]
[SourceVersion "1"]
[SourceVersionDate "2017.10.13"]
[SourceQuality "1"]
[WhiteTeam "Berlin Empor"]
[BlackTeam "Neuruppin"]
[WhiteTeamCountry "GER"]
[BlackTeamCountry "GER"]

1. d4 Nf6 2. c4 g6 3. Nf3 Bg7 4. Nc3 d6 5. e4 0-0 6. Be2 e5 7. 0-0 exd4 8. Nxd4 Re8 9. f3 Nc6 10. Be3 Nh5 11. Nxc6 bxc6 12. Qd2 Qh4 13. Bf2 Qf4 14. Rfd1 f5 15. exf5 Bxf5 16. Bf1 Qxd2 17. Rxd2 Bh6 18. Re2 Nf4 19. Rxe8+ Rxe8 20. b3 Bg7 21. Rc1 Bd3 22. Ne4 Bxe4 23. fxe4 Rxe4 24. Bxa7 Ne2+ 25. Bxe2 Rxe2 26. Rd1 Bc3 27. Rd3 Bb4 28. Bd4 Rxa2 29. Rf3 Rd2 30. Be3 Rd3 31. Bh6 Bc5+ 32. Kf1 Rxf3+ 33. gxf3 Kf7 34. Ke2 Kf6 35. Bd2 d5 36. Kd3 Kf5 37. h3 Be7 38. Ke2 Bg5 39. Ba5 Bf4 40. Bb4 Bd6 41. Bd2 Be5 42. Kd3 Bf4 43. Be1 h5 44. Bd2 g5 45. Be1 h4 46. Ba5 Bd6 47. Bd2 Bc5 48. Ke2 Bg1 49. Kd3 d4 50. b4 Bf2 51. Ke2 Bg3 52. b5 cxb5 53. cxb5 1/2-1/2

[Event "Oberliga Nord O 1617"]
[Site "Germany"]
[Date "2016.11.20"]
[Round "2.2"]
[White "Kayser, Stefan"]
[Black "Foerster, Jonas"]
[Result "0-1"]
[WhiteElo "2121"]
[BlackElo "2326"]
[PlyCount "92"]
[EventDate "2016.10.16"]
[EventType "team-tourn"]
[EventRounds "9"]
[EventCountry "GER"]
[SourceTitle "EXT 2018"]
[Source "ChessBase"]
[SourceDate "2017.10.13"]
[SourceVersion "1"]
[SourceVersionDate "2017.10.13"]
[SourceQuality "1"]
[WhiteTeam "Oranienburg"]
[BlackTeam "Berlin Empor"]
[WhiteTeamCountry "GER"]
[BlackTeamCountry "GER"]

1. Nf3 Nf6 2. d4 g6 3. g3 Bg7 4. Bg2 c5 5. 0-0 0-0 6. e3 Qc7 7. c3 b6 8. Nbd2 Bb7 9. Re1 d5 10. Ne5 Nbd7 11. f4 e6 12. g4 Rac8 13. Qf3 Ne8 14. Nf1 Nxe5 15. dxe5 f6 16. exf6 Nxf6 17. Ng3 e5 18. f5 e4 19. Qe2 g5 20. Bd2 Rfe8 21. Red1 Nd7 22. Be1 Be5 23. Nf1 Nf6 24. Bg3 Red8 25. Rac1 Rd7 26. c4 d4 27. Bxe5 Qxe5 28. h3 Rcd8 29. a3 Bc6 30. b3 Kh8 31. Qb2 Re8 32. Qf2 a5 33. a4 Red8 34. Qb2 Kg7 35. Re1 h5 36. Nh2 Qg3 37. Qf2 Qxf2+ 38. Kxf2 dxe3+ 39. Rxe3 Rd2+ 40. Kf1 Rb2 41. Rce1 Rdd2 42. R1e2 Rxe2 43. Rxe2 Rxb3 44. Bf3 exf3 45. Re7+ Kg8 46. Re6 Rb1+ 0-1